000 00758nam a2200241 i 4500
001 6775
003 ES-MaACL
005 20230906145104.0
007 t|
008 900530s1986 sp ||||1| spa d
020 _a84-7392-043-0
080 _a7.033.4
080 _a7.045
100 1 _aGuerra, Manuel.
_960495
245 1 0 _aSimbologia romanica
_b: el cristianismo y otras religiones en el arte romanico /
_cManuel Guerra.
260 _aMadrid :
_bFundación Universitaria Española,
_c1986.
300 _a411 p., [37] h. de il. ;
_c24 cm.
500 _aIndices.
500 _aLexico de tecnicismos.
650 1 4 _aArte románico-
_xIconografía.
_910308
650 4 _aSimbolismo cristiano.
_917106
852 _aES-MaACL
_jL-14018
_bR.117832
_z. - rust.
999 _c6775
_d6775